000 0508122 a220045700 4500
001 768714001
003 O-MdFUSB
005 20190513143750.0
006 m o d |
007 cr cnu||||||||
008 190425s2005 xx o ||||0 spa d
020 _a9781449229641
_q(electronic bk.)
020 _z9789682961809
040 _aMiAaPQ
_beng
_erda
_epn
_cCO-MdFUSB
_dMiAaPQ
082 0 _a501
100 1 _aDe La Vega Lezama, F. Carlos.
245 1 0 _aUn paso...hacia el método científico.
_c/ F. Carlos De La Vega Lezama,
264 1 _aMéxico, D.F. :
_bInstituto Politécnico Nacional,
_c2005.
264 4 _c©1990.
300 _a1 Recurso en linea (100 páginas)
336 _atexto
_btxt
_2rdacontent
337 _ainformatico
_bc
_2rdamedia
338 _aremoto
_bcr
_2rdacarrier
505 0 _aUN PASO... HACIA EL MÉTODO CIENTÍFICO -- PÁGINA LEGAL -- CONTENIDO -- INTRODUCCIÓN -- CONCEPTOS SOBRE CIENCIA, MÉTODO Y MÉTODO CIENTÍFICO -- PROPÓSITOS ÉTICOS DE LA CIENCIA -- LIMITACIONES DE LA CIENCIA -- PRINCIPIOS FUNDAMENTALES DE LA CIENCIA -- Principio de causalidad. -- Principio de incertidumbre de Heissemberg. -- Principio de interdependencia. -- Principio de aproximación paulatina (aproximaciones sucesivas). -- Principio de continuidad. -- Principio de factibiiidad. -- Principio de jerarquía. -- DECLARACIÓN DE HELSINKI -- INTRODUCCIÓN -- I. Principios básicos -- 1. -- CAP. 4. Instructivo general. -- II. Investigación médica en combinación con la asistencia (investigación ). -- III. Investigación biomédica no terapéutica que involucre sujetos humanos (investigación biomédica no clínica) -- TRABAJO CIENTÍFICO Y TRABAJO TÉCNICO -- INSTRUMENTOS MENTALES" DEL CIENTÍFICO -- Observación, -- Inducción, -- Deducción, -- Análisis: -- Síntesis, -- Extrapolación: -- Creatividad, -- Intuición. -- Memoria: -- OBSERVACIÓN -- TIPOS -- a) Observación sensorial directa, de naturaleza: -- b) Observación instrumental -- ETAPAS DEL MÉTODO CIENTÍFICO -- 1. DETECCIÓN, DELIMITACIÓN Y PLANTEAMIENTO DE UN PROBLEMA* -- CUADRO 1 -- CUADRO II -- 2. ANTECEDENTES Y ESTADO ACTUAL DEL PROBLEMA -- 3. JUSTIFICACIÓN -- 4. PROPÓSITOS Y OBJETIVOS -- Propósito: -- Objetivos: -- 5. HIPÓTESIS -- De aquí surgió otra hipótesis: -- 6. DISEÑO DE LA INVESTIGACIÓN -- a) Tipos de investigación -- INVESTIGACIÓN MÉDICA -- Comprende diversas áreas tales como: -- Clínica. -- De laboratorio y gabinete. -- Epidemiológica. -- Sociomédica. -- Educación en salud. -- Tecnología en salud. -- Administración en salud. -- b) Consideración de variables.
505 8 _ac) Medidas de seguridad en la investigación científica -- d) Material -- I. material de estudio -- II. Recursos -- a) Físicos: -- b. Material de consumo. -- c) Recursos humanos. -- e) Método -- CRONOGRAMA -- 7. RESULTADO -- Análisis e interpretación del resultado -- 8. DISCUSIÓN -- 9. CONCLUSIÓN -- Objetividad -- Brevedad -- Claridad -- Precisión -- Orden -- Estilo impersonal -- 10. PROBLEMAS PENDIENTES -- 11. EL RESUMEN -- 12. LA BIBLIOGRAFÍA -- 1. Número. -- 2. Procedencia. -- 3. Fecha de publicación. -- MÉTODO CIENTÍFICO E HISTORIA CLÍNICA -- Correlación entre historia clínica y método científico -- HISTORIA CLÍNICA -- 1. Ficha de identificación -- 2. Habitus -- 3. Interrogatorio y exposición del paciente o sus familiares -- 4. Exploración física general -- 5. Petición de pruebas -- 6. Formulación de diagnóstico integral -- 7. Tratamiento integral -- 8. Observación de resultados -- 9. Discusión del caso -- 10. Conclusiones -- 11. Recomendaciones y problemas pendientes -- TÍTULO DEL PROYECTO -- EL PROTOCOLO DE INVESTIGACIÓN -- Los capítulos de que consta el proyecto o protocolo son: -- CRITERIOS PARA LA EVALUACION DE UN PROYECTO DE INVESTIGACIÓN Y DEL INFORME FINAL -- EXPOSICIÓN DEL TRABAJO CIENTÍFICO -- PALABRAS FINALES -- BIBLIOGRAFÍA SOBRE MÉTODO CIENTÍFICO.
516 _atexto electrónico
538 _aAcceso a Internet; requiere usuario y clave asignada por la biblioteca.
588 _aUna descripción basada en metadatos suministrados por el editor y otras fuentes.
590 _aReproducción electrónica. Ann Arbor, Michigan : ProQuest Ebook Central, 2019. Acceso a través de la World Wide Web. El acceso puede estar limitado por:ProQuest Ebook Central affiliated libraries.
650 0 _aCiencia -- Metodología.;Science -- Methodology.;Metodologia;Libros electronicos. -- local.
655 4 _aLibro electrónico.
776 0 8 _iVersión impresa:
_aDe La Vega Lezama, F. Carlos
_tUn paso...hacia el método científico
_dMéxico, D.F. : Instituto Politécnico Nacional,c2005
_z9789682961809
797 2 _aProQuest (Firm)
856 4 0 _uhttps://ebookcentral.proquest.com/lib/unisbcsp/detail.action?docID=3191669
_zAbrir versión electrónica del libro Aquí
999 _c65025
_d65025